000 00343nam a22001457a 4500
008 231101b ||||| |||| 00| 0 eng d
020 _a9780521356015
041 _aeng
080 _a521
082 _a521COL
100 _a19
101 _aASTRO
245 _aTHE GOLEM WHAT EVERYONE SHOULD KNOW ABOUT SCIENCE
_cCOLLINS.H
942 _2udc
_cBK
999 _c60482
_d60482